Catálogo público

La interrelación agricultura-industria en la región península de Yucatán en los sistemas habanero, cítricos y porcino / (Record no. 219961)

MARC details
000 -CABECERA
campo de control de longitud fija 02204nam a2200397 a 4500
003 - IDENTIFICADOR DEL NÚMERO DE CONTROL
campo de control Mxchpua
005 - FECHA Y HORA DE LA ÚLTIMA TRANSACCIÓN
campo de control 20240529135015.0
007 - CAMPO FIJO DE DESCRIPCIÓN FÍSICA--INFORMACIÓN GENERAL
campo de control de longitud fija ta
008 - DATOS DE LONGITUD FIJA--INFORMACIÓN GENERAL
campo de control de longitud fija 240529s2024 mx abdofs|||| 001 0 spa d
040 ## - FUENTE DE LA CATALOGACIÓN
Centro catalogador/agencia de origen mxchpua
090 ## - LOCALMENTE ASIGNADO TIPO-LC NÚMERO DE CLASIFICACIÓN (OCLC); NÚMERO DE CLASIFICACIÓN LOCAL (RLIN)
Número de clasificación (OCLC) (R) ; Numero de clasificación, CALL (RLIN) (NR) T.C.929
Número cutter local (OCLC) ; Número de libro/Signatura topográfica íntegra, CALL (RLIN) F56 IAI
Año 2024
245 10 - MENCIÓN DE TÍTULO
Título La interrelación agricultura-industria en la región península de Yucatán en los sistemas habanero, cítricos y porcino /
Mención de responsabilidad, etc. coordinador Emmanuel Flores Girón ; colaboradores Juan Antonio Antonio Martínez...[y otros]
260 ## - PUBLICACIÓN, DISTRIBUCIÓN, ETC.
Lugar de publicación, distribución, etc. México :
Nombre del editor, distribuidor, etc. El autor,
Fecha de publicación, distribución, etc. 2024
300 ## - DESCRIPCIÓN FÍSICA
Extensión 1 recurso en línea (255 páginas) :
Otras características físicas ilustraciones, mapas, gráficas, diagramas, tablas, fotos
336 ## - TIPO DE CONTENIDO
Fuente rdacontent
Término de tipo de contenido texto
Código de tipo de contenido txt
337 ## - TIPO DE MEDIO
Fuente rdamedia
Nombre/término del tipo de medio computadora
Código del tipo de medio c
338 ## - TIPO DE SOPORTE
Fuente rdacarrier
Nombre/término del tipo de soporte recurso en línea
Código del tipo de soporte cr
500 ## - NOTA GENERAL
Nota general Grado 5° Grupo 5 --<br/>Directorio: páginas 116-118
502 ## - NOTA DE TESIS
Nota de tesis Viaje de Estudios
Tipo de título (IAI) --
Nombre de la institución que otorga el título UACh. Departamento de Ingeniería Agroindustrial,
Año de obtención del título 2024
504 ## - NOTA DE BIBLIOGRAFÍA, ETC.
Nota de bibliografía, etc. Bibliografía: páginas 235-255
505 0# - NOTA DE CONTENIDO CON FORMATO
Nota de contenido con formato Visitas: --<br/>
Título 1. XIA-LYN --<br/>2. Kinchiles Habanero Orgánico --<br/>3. Cítricos Leo --<br/>4. CITRICYUC --<br/>5. Agroindustrias Del Oriente de Yucatán (Planta TIF 170) --<br/>6. Abastos de Mérida, Rastro Municipal --<br/>7. MayanFood --<br/>8. COLPOS, campus Campeche --<br/>9. COFOPECAM --<br/>10. INIFAP. Dr. Raúl Díaz Plaza --<br/>11. Instituto Tecnológico de Tizimín --<br/>12. FIRA --<br/>13. Asociación Ganadera Local de Porcicultores de Mérida --<br/>14. CRUPY
650 13 - PUNTO DE ACCESO ADICIONAL DE MATERIA--TÉRMINO DE MATERIA
9 (RLIN) 151398
Término de materia o nombre geográfico como elemento de entrada Industria de los alimentos
Subdivisión geográfica México
650 13 - PUNTO DE ACCESO ADICIONAL DE MATERIA--TÉRMINO DE MATERIA
9 (RLIN) 155066
Término de materia o nombre geográfico como elemento de entrada Capsicum chinense
650 13 - PUNTO DE ACCESO ADICIONAL DE MATERIA--TÉRMINO DE MATERIA
9 (RLIN) 152028
Término de materia o nombre geográfico como elemento de entrada Frutos cítricos
Subdivisión general Industria y comercio
650 13 - PUNTO DE ACCESO ADICIONAL DE MATERIA--TÉRMINO DE MATERIA
9 (RLIN) 147937
Término de materia o nombre geográfico como elemento de entrada Industria del ganado y de la carne
650 13 - PUNTO DE ACCESO ADICIONAL DE MATERIA--TÉRMINO DE MATERIA
9 (RLIN) 188705
Término de materia o nombre geográfico como elemento de entrada Ganado monogástrico
650 13 - PUNTO DE ACCESO ADICIONAL DE MATERIA--TÉRMINO DE MATERIA
9 (RLIN) 145297
Término de materia o nombre geográfico como elemento de entrada Cerdo
650 13 - PUNTO DE ACCESO ADICIONAL DE MATERIA--TÉRMINO DE MATERIA
9 (RLIN) 151397
Término de materia o nombre geográfico como elemento de entrada Food industry
Subdivisión geográfica Mexico
650 13 - PUNTO DE ACCESO ADICIONAL DE MATERIA--TÉRMINO DE MATERIA
9 (RLIN) 152026
Término de materia o nombre geográfico como elemento de entrada Citrus fruits
Subdivisión general Industry and trade
650 13 - PUNTO DE ACCESO ADICIONAL DE MATERIA--TÉRMINO DE MATERIA
9 (RLIN) 147938
Término de materia o nombre geográfico como elemento de entrada Livestock and meat industry
650 13 - PUNTO DE ACCESO ADICIONAL DE MATERIA--TÉRMINO DE MATERIA
9 (RLIN) 153055
Término de materia o nombre geográfico como elemento de entrada Monogastric livestock
650 13 - PUNTO DE ACCESO ADICIONAL DE MATERIA--TÉRMINO DE MATERIA
9 (RLIN) 152253
Término de materia o nombre geográfico como elemento de entrada Swine
700 1# - PUNTO DE ACCESO ADICIONAL--NOMBRE DE PERSONA
9 (RLIN) 161718
Nombre de persona Flores Girón, Emmanuel
Término indicativo de función/relación coordinador
700 1# - PUNTO DE ACCESO ADICIONAL--NOMBRE DE PERSONA
9 (RLIN) 189143
Nombre de persona Antonio Martínez, Juan Antonio
Término indicativo de función/relación colaborador
856 42 - LOCALIZACIÓN Y ACCESO ELECTRÓNICOS
Identificador Uniforme del Recurso <a href="http://10.13.5.2/ve/TC929_IAI/TC929_IAI_2024-REPORTE.pdf">http://10.13.5.2/ve/TC929_IAI/TC929_IAI_2024-REPORTE.pdf</a>
Texto de enlace DESCARGAR REPORTE
Holdings
Estado de retiro Estado de pérdida Fuente del sistema de clasificación o colocación Estado dañado No para préstamo Código de colección Localización permanente Ubicación/localización actual Ubicación en estantería Fecha de adquisición Fuente de adquisición Total de préstamos Signatura topográfica completa Código de barras Fecha visto por última vez Precio válido a partir de Tipo de ítem Koha
    Clasificación Universidad Autónoma de Chapingo     Viajes de estudio - En línea Ingenieria Agroindustrial Ingenieria Agroindustrial En línea 29/05/2024 El autor   T.C.929 F56 IAI 2024 1206015710 29/05/2024 29/05/2024 Viajes de Estudio - En línea